000 01549nam0a2200325 4500
001 RU\NLR\BIBL_A\011764532
005 20180917132237.0
010 _a978-5-7883-1246-0
_950
021 _aRU
_bКН-П-18-3482
_9КН-П-18-048210
035 _a(NLR Aleph) 011764532
035 _a(RuMoRGB)009676654
090 _a11694091
_c11694091
100 _a20180806d2018 k y0rusy50 ca
101 0 _aeng
102 _aRU
105 _aa j 000zy
200 1 _aStrategic management
_eучебное пособие для студентов, обучающихся по основной образовательной программе высшего образования по направлению подготовки 38.04.02 Менеджмент
_fY. V. Matveeva, V. P. Matveeva, E. N. Kirillova
_gMinistery of education and science, Samara national research university
210 _aSamara
_cSamara univ.
_d2018
215 _a75 с.
_cил.
_d21
320 _aБиблиогр.: с. 75 (3 назв.)
541 1 _aСтратегический менеджмент
606 1 _aМенеджмент стратегический
_jУчебные издания для высших учебных заведений
_2nlr_sh1
_2nlr_sh2
_3RU\NLR\AUTH\661247525
686 1 _aУ21(0)я73
700 1 _aMatveeva
_bJ. V.
_gJulija Valerjevna
701 1 _aMatveeva
_bV. P.
_gValerija Pavlovna
701 1 _aKirillova
_bE. N.
_gElena Nikolaevna
942 _cBOOK
980 _aNB